000 00173nam a2200073Ia 4500
008 170620s9999 xx 000 0 und d
100 _aAggarwal
245 0 _aHEALTH AND PHYSICAL EDUCATION
260 _bSHIPRA
999 _c26831
_d26831